The god of small things / Arundhati Roy.
Available copies
- 1 of 1 copy available at LARL/NWRL Consortium.
- 1 of 1 copy available at Lake Agassiz Regional Library. (Show preferred library)
Current holds
0 current holds with 1 total copy.
Show All Copies
| Location | Call Number / Copy Notes | Barcode | Shelving Location | Status | Due Date |
|---|---|---|---|---|---|
| Moorhead Public Library | Roy (Text) | 33500005155650 | Main | Available | - |
Record details
- ISBN: 0679457313 (acid-free)
- Physical Description: xii, 321 p. ; 22 cm.
- Edition: 1st U.S. ed.
- Publisher: New York : Random House, c1997.
| LDR | 00956nam a2200265Ia 4500 | ||
|---|---|---|---|
| 001 | 19923 | ||
| 003 | LARL_NWRL_CONSORTIUM | ||
| 005 | 19970428144636.0 | ||
| 008 | 961003s1997 nyu 000 1 eng | ||
| 010 | . | ‡a96039190 | |
| 020 | . | ‡a0679457313 (acid-free) | |
| 035 | . | ‡a(OCoLC)35744382 | |
| 040 | . | ‡aDLC ‡cDLC ‡dC#P | |
| 082 | 0 | 0. | ‡a823 ‡221 |
| 099 | . | ‡aRoy | |
| 100 | 1 | . | ‡aRoy, Arundhati. ‡0(LARL_NWRL_CONSORTIUM)99961 |
| 245 | 1 | 4. | ‡aThe god of small things / ‡cArundhati Roy. |
| 250 | . | ‡a1st U.S. ed. | |
| 260 | . | ‡aNew York : ‡bRandom House, ‡cc1997. | |
| 300 | . | ‡axii, 321 p. ; ‡c22 cm. | |
| 901 | . | ‡a19923 ‡bOCLC ‡c19923 ‡tbiblio | |

Add to basket
Permalink
Disable Highlighting